LEADER 00965nam a2200205 i 4500 001 000000021641 003 CaOOAMICUS 005 20180830125445.0 008 180830s1957 it u000 u ita u 040 $aSeMil$bita 100 1 $aSaba, Agostino,$c.$0(OLS)http://semarc/name/4324 245 10$aStoria dei papi /$cAgostino Saba, Carlo Castiglioni. 250 $a2. edizione riveduta e aggiornata. 260 $a[Torino] :$bUnione Tipografico-Editrice Torinese,$c1957. 300 $a2 v. ;$c27 cm. 700 1 $aCastiglioni, Carlo,$c.$0(OLS)http://semarc/name/9678 774 0 $aSaba, Agostino $tDa San Pietro a Celestino 5..$gVolume1$w()180357 774 0 $aCastiglioni, Carlo $tDa Bonifacio 8. a Pio 12..$gVolume2$w()180358 996 $6245$aStoria dei papi$9(OLS)http://semarc/title/28686 996 $6260$a[Torino] :$bUnione Tipografico-Editrice Torinese$9(OLS)http://semarc/publisher/29887 LEADER 00828nam a2200217 i 4500 001 000000050542 003 CaOOAMICUS 005 20091022000000.0 008 091022s1951 it u000 u ita u 013 $a21713 040 $aSeMil$bita 240 10$aCode familial.$0(OLS)http://semarc/title/77138 245 10$aCodice della famiglia. 260 $aRoma :$bLa Civiltà Cattolica,$c[1951] 300 $a223 p. ;$c16 cm. 650 4$aFamiglia - Studi.$0(OLS)http://semarc/subject/5647 700 1 $aUnione internazionale di studi sociali.$0(OLS)http://semarc/name/25030 850 $aSeMil 852 $aSeMil$W1$xVenegono$y1$m2F I 107$j16697$B16697$CSeMilBibl$Z2$F16697 $81 996 $6245$aCodice della famiglia$9(OLS)http://semarc/title/77137 996 $6260$aRoma :$bLa Civiltà Cattolica$9(OLS)http://semarc/publisher/29890